Loading...
| Current Events | 1 | 10.00 | 100% | 0% | 0% |
| Fine Arts - Classical Music | 6 | 8.33 | 67% | 17% | 0% |
| Fine Arts - Other | 6 | 10.00 | 83% | 17% | 0% |
| Fine Arts - Painting and Sculpture | 4 | 12.50 | 50% | 75% | 0% |
| Geography | 1 | 10.00 | 100% | 0% | 0% |
| History - American | 9 | 22.22 | 100% | 89% | 33% |
| History - European | 5 | 12.00 | 80% | 40% | 0% |
| History - Other | 7 | 14.29 | 86% | 43% | 14% |
| History - World | 7 | 12.86 | 86% | 43% | 0% |
| Literature - American | 7 | 20.00 | 100% | 57% | 43% |
| Literature - British | 4 | 17.50 | 100% | 75% | 0% |
| Literature - European | 5 | 16.00 | 100% | 40% | 20% |
| Literature - World | 6 | 16.67 | 100% | 67% | 0% |
| Mythology | 6 | 18.33 | 100% | 50% | 33% |
| Other Academic | 1 | 10.00 | 0% | 0% | 100% |
| Philosophy | 7 | 14.29 | 100% | 29% | 14% |
| Pop Culture | 2 | 20.00 | 100% | 50% | 50% |
| Religion | 11 | 14.55 | 91% | 36% | 18% |
| Science - Biology | 7 | 12.86 | 71% | 57% | 0% |
| Science - Chemistry | 6 | 15.00 | 100% | 33% | 17% |
| Science - Other | 5 | 14.00 | 100% | 40% | 0% |
| Science - Physics | 6 | 11.67 | 100% | 17% | 0% |
| Social Science | 7 | 11.43 | 100% | 14% | 0% |